000 00253nam a22001217a 4500
003 OSt
008 231102b |||||||| |||| 00| 0 eng d
041 _amal
082 _a629.2
100 _aJohn M V
_95568
245 _aAdhunika motor vandi
942 _cBK
999 _c17777
_d17777